| 000 | 01191cam a22003375a 4500 | ||
|---|---|---|---|
| 001 | 17482683 | ||
| 005 | 20160303151025.0 | ||
| 008 | 121003r20082007ii a frb 001 0 eng d | ||
| 010 | _a 2012471693 | ||
| 020 | _a9788184481341 (pbk.) | ||
| 020 | _a8184481349 (pbk.) | ||
| 035 | _a(OCoLC)ocn769627007 | ||
| 040 |
_aSINLB _beng _cSINLB _dSINLB _dYDXCP _dBWX _dMUU _dNTE _dUKMGB _dDLC _dEG-ScBUE |
||
| 082 | 0 | 4 |
_a612.015 _bCHA _222 |
| 100 | 1 |
_aChatterjea, M. N. _939478 |
|
| 245 | 1 | 0 |
_aTextbook of medical biochemistry / _cM. N. Chatterjea, Rana Shinde. |
| 246 | 3 | _aMedical biochemistry | |
| 250 | _a7th ed., Reprinted ed. | ||
| 260 |
_aNew Delhi : _bJaypee Brothers Medical Publications (P) Ltd., _c2008. |
||
| 300 |
_axiv, 809 p. : _bill. (col.) ; _c28 cm. |
||
| 500 | _aIndex : p. [803]-809. | ||
| 504 | _aIncludes bibliographical references. | ||
| 650 | 7 |
_aBiochemistry. _2BUEsh _918368 |
|
| 650 | 0 |
_aClinical biochemistry. _2BUEsh |
|
| 651 | _2BUEsh | ||
| 653 |
_bPPhrm _cMarch2016 |
||
| 700 | 1 | _aShinde, Rana. | |
| 906 |
_a7 _bcbc _ccopycat _d2 _encip _f20 _gy-gencatlg |
||
| 942 | _2ddc | ||
| 999 |
_c21314 _d21286 |
||